UM Logo

Tengu: (Record no. 13394)

MARC details
000 -LEADER
fixed length control field 00765nam a22002177a 4500
008 - FIXED-LENGTH DATA ELEMENTS--GENERAL INFORMATION
fixed length control field 190309b ||||| |||| 00| 0 eng d
020 ## - INTERNATIONAL STANDARD BOOK NUMBER
International Standard Book Number 9789004218024
082 ## - DEWEY DECIMAL CLASSIFICATION NUMBER
Edition number 2011
Classification number AV-Eb 796.8095
Item number K749
100 ## - MAIN ENTRY--PERSONAL NAME
Personal name Knutsen, Roald.
9 (RLIN) 37439
245 ## - TITLE STATEMENT
Title Tengu:
Remainder of title the shamanic and esoteric origins of the Japanese martial Arts /
Statement of responsibility, etc. Roald Knutsen
250 ## - EDITION STATEMENT
Edition statement First Edition
260 ## - PUBLICATION, DISTRIBUTION, ETC. (IMPRINT)
Name of publisher, distributor, etc. BRILL,
Date of publication, distribution, etc. ©2011.
300 ## - PHYSICAL DESCRIPTION
Extent 281 pages;
500 ## - GENERAL NOTE
General note Includes index.
650 ## - SUBJECT ADDED ENTRY--TOPICAL TERM
Topical term or geographic name as entry element Folklore -- Japan.
9 (RLIN) 37440
650 ## - SUBJECT ADDED ENTRY--TOPICAL TERM
Topical term or geographic name as entry element Martial arts -- Japan -- History.
9 (RLIN) 37441
650 ## - SUBJECT ADDED ENTRY--TOPICAL TERM
Topical term or geographic name as entry element Shamanism -- Japan -- History.
9 (RLIN) 37442
700 ## - ADDED ENTRY--PERSONAL NAME
Personal name Knutsen, Roald.
9 (RLIN) 37439
856 ## - ELECTRONIC LOCATION AND ACCESS
Link text https://ebookcentral.proquest.com/lib/uniofmindanao-ebooks/detail.action?docID=1112809
942 ## - ADDED ENTRY ELEMENTS (KOHA)
Source of classification or shelving scheme Dewey Decimal Classification
Koha item type Ebooks
Holdings
Withdrawn status Lost status Source of classification or shelving scheme Damaged status Not for loan Home library Current library Shelving location Date acquired Source of acquisition Total Checkouts Full call number Barcode Date last seen Copy number Price effective from Koha item type
    Dewey Decimal Classification     UM Digos College - LIC UM Digos College - LIC Processing Center 03/09/2019 Downloaded   AV-Eb 796.8095 K749 Eb048 03/09/2019 1 03/09/2019 Ebooks